000 00503nam a22001697a 4500
999 _c11875
_d11875
003 AR-CdUCM
008 190405b ||||| |||| 00| 0 spa d
040 _aMUNICIPALIDAD PROVINCIAL DEL CUSCO
_cBIBLIOTECA MUNICIPAL DEL CUSCO
082 _a891.7 /
_bP57 /
100 _aPilniak, Doris
_929464
245 _aEl volga desemboca en el mar Caspio /
260 _aChile :
_bPax,
300 _a304 páginas ;
_c18 cm.
650 _aNovela Chilena.
_99974
942 _2ddc
_cLIBROS
945 _awfj
_d2019-04-05